New Jeans/NJZ Songs (Pre-disbandment + Post-disbandment Ver.) - Statistics

General Stats
  • This quiz has been taken 72 times
  • The average score is 15 of 21
Answer Stats
Hint Answer % Correct
New Jeans Cookie
95%
Get Up New Jeans
95%
New Jeans Attention
93%
Get Up ETA
90%
New Jeans Hype Boy
90%
Get Up Super Shy
90%
Japanese Album Supernatural
88%
H__ S____ How Sweet
83%
New Jeans Hurt
82%
_ _ _ (same name as first answer) OMG
82%
Promotional Zero
80%
Get Up Cool With You
78%
_ _ _ (same name as first answer) Ditto
78%
Get Up Get Up
77%
H__ S____ Bubblegum
75%
Japanese Album Right Now
65%
Promotional Gods
58%
Unreleased Song (W/O ADOR) Pit Stop
42%
OST Beautiful Restriction
35%
OST Our Night Is More Beautiful Than Your Day
35%
Promotional Be Who You Are
18%
No matching quizzes found
Score Distribution
Percent of People with Each Score
Percentile by Number Answered
Your Score History
You have not taken this quiz